Countries having a war - Statistics

General Stats
  • This quiz has been taken 387 times
  • The average score is 10 of 16
Answer Stats
Country % Correct
Iraq
87%
Syria
87%
Afghanistan
78%
Yemen
75%
Sudan
74%
Ukraine
73%
Israel
68%
Somalia
68%
Libya
64%
Pakistan
63%
South Sudan
63%
(DR) Congo
56%
Nigeria
55%
Egypt
46%
Mexico
46%
Cameroon
26%
No matching quizzes found
Score Distribution
Percent of People with Each Score
Percentile by Number Answered
Your Score History
You have not taken this quiz